|
|
|
|
| LEADER |
00000nam a2200000 4500 |
| 001 |
678735 |
| 005 |
20250219163418.0 |
| 090 |
|
|
|a 678735
|
| 100 |
|
|
|a 20250219d1979 k||y0rusy50 ca
|
| 101 |
0 |
|
|a rus
|
| 102 |
|
|
|a RU
|
| 105 |
|
|
|a a z 001yy
|
| 181 |
|
0 |
|a i
|b e
|
| 182 |
|
0 |
|a n
|
| 183 |
|
0 |
|a nc
|2 RDAcarrier
|
| 200 |
1 |
|
|a Металлополимерные материалы и изделия
|f под ред. В. А. Белого
|
| 203 |
|
|
|a Текст
|b визуальный
|c непосредственный
|
| 210 |
|
|
|a Москва
|c Химия
|d 1979
|
| 215 |
|
|
|a 310 с.
|c ил.
|
| 225 |
1 |
|
|a Полимерные материалы в народном хозяйстве. Научные основы и практика применения
|
| 283 |
|
|
|a volume
|2 RDAcarrier
|
| 320 |
|
|
|a Литература в конце глав
|
| 606 |
1 |
|
|a Полимерные материалы
|9 83717
|
| 610 |
1 |
|
|a полимерные покрытия
|
| 610 |
1 |
|
|a плакирование
|
| 610 |
1 |
|
|a металлополимерные детали
|
| 610 |
1 |
|
|a композиционные материалы
|
| 610 |
1 |
|
|a каркасные материалы
|
| 675 |
|
|
|a 678
|v 4
|
| 702 |
|
1 |
|4 340
|a Белый
|b В. А.
|
| 801 |
|
0 |
|a RU
|b 63413507
|c 20250219
|
| 830 |
|
|
|a Ретро2025Каталогизация Мотырева
|
| 850 |
|
|
|a 63413507
|
| 942 |
|
|
|c BK
|